Zawodnicy najczęściej grający dla Chelsea w Premier League - Statystyki

Ogólne statystyki
  • Ten quiz został rozwiązany 268 razy
  • Średni wynik to 35 z 100
Statystyki odpowiedzi
Kiedy grał dla Chelsea? Ile występów? Narodowość Pozycja Zawodnik % Poprawnych
2001-2014 429 Anglia Środkowy pomocnik Frank Lampard
94%
2004-2015 333 Czechy Bramkarz Petr Čech
93%
2004-2012, 2014-2015 254 Wybrzeże Kości Słoniowej Napastnik Didier Drogba
92%
1998-2017 492 Anglia Środkowy obrońca John Terry
90%
2012-2019 245 Belgia Lewy skrzydłowy Eden Hazard
88%
2012-obecnie 290 Hiszpania Prawy obrońca César Azpilicueta
86%
2008-2016 261 Serbia Prawy obrońca Branislav Ivanović
77%
2005-2014 168 Ghana Defensywny pomocnik Michael Essien
77%
2016-obecnie 152 Francja Środkowy pomocnik N'Golo Kanté
75%
2013-2020 234 Brazylia Prawy skrzydłowy Willian
74%
1996-2003 229 Włochy Cofnięty napastnik Gianfranco Zola
73%
2011-2014, 2016-2019 160 Brazylia Środkowy obrońca David Luiz
70%
2006-2014 229 Anglia Lewy obrońca Ashley Cole
66%
2012-2019 191 Anglia Środkowy obrońca Gary Cahill
65%
2018-obecnie 73 Hiszpania Bramkarz Kepa Arrizabalaga
65%
2018-obecnie 86 Chorwacja Środkowy pomocnik Mateo Kovačić
65%
2018-obecnie 88 Włochy Środkowy pomocnik Jorginho
63%
2016-obecnie 122 Hiszpania Lewy obrońca Marcos Alonso
63%
2011-2014 110 Hiszpania Napastnik Fernando Torres
62%
2006-2016 249 Nigeria Defensywny pomocnik John Obi Mikel
62%
2019-obecnie 65 Anglia Ofensywny pomocnik Mason Mount
62%
2012-2016 131 Brazylia Ofensywny pomocnik Oscar
62%
2009-2010, 2014-2017 123 Serbia Defensywny pomocnik Nemanja Matić
61%
2015-obecnie 69 Dania Środkowy obrońca Andreas Christensen
58%
2006-2009 48 Ukraina Napastnik Andrij Szewczenko
58%
2017-obecnie 93 Niemcy Środkowy obrońca Antonio Rüdiger
58%
2014-2019 138 Hiszpania Środkowy pomocnik Cesc Fàbregas
58%
2006-2010 105 Niemcy Środkowy pomocnik Michael Ballack
57%
2010-2016 159 Brazylia Środkowy pomocnik Ramires
57%
2011-2014 82 Hiszpania Ofensywny pomocnik Juan Mata
55%
2008-2011 125 Francja Napastnik Nicolas Anelka
55%
2014-2018 126 Belgia Bramkarz Thibaut Courtois
55%
2015-2020 137 Hiszpania Prawy skrzydłowy Pedro
54%
2014-2017 89 Hiszpania Napastnik Diego Costa
52%
2004-2010 135 Portugalia Środkowy obrońca Ricardo Carvalho
52%
2012-2018 87 Nigeria Prawy wahadłowy Victor Moses
51%
2003-2008 144 Francja Defensywny pomocnik Claude Makélélé
50%
2003-2010 183 Anglia Ofensywny pomocnik Joe Cole
50%
2018-obecnie 72 Francja Napastnik Olivier Giroud
50%
2004-2007 67 Holandia Prawy skrzydłowy Arjen Robben
49%
2006-2012 156 Wybrzeże Kości Słoniowej Prawy skrzydłowy Salomon Kalou
46%
1998-2004 158 Francja Środkowy obrońca Marcel Desailly
44%
2007-2012 149 Francja Lewy pomocnik Florent Malouda
43%
2016-obecnie 56 Anglia Napastnik Tammy Abraham
43%
2014-obecnie 92 Francja Środkowy obrońca Kurt Zouma
42%
2003-2006 49 Argentyna Napastnik Hernán Crespo
38%
2008-2012 89 Portugalia Prawy obrońca José Bosingwa
33%
1995-1998 49 Holandia Środkowy pomocnik Ruud Gullit
33%
2018-2020 52 Anglia Ofensywny pomocnik Ross Barkley
32%
2007-2011 86 Brazylia Środkowy obrońca Alex
29%
2018-obecnie 53 Anglia Prawy skrzydłowy Callum Hudson-Odoi
29%
2004-2013 141 Portugalia Prawy obrońca Paulo Ferreira
29%
2001-2006 159 Francja Środkowy obrońca William Gallas
29%
2000-2006 186 Islandia Napastnik Eiður Guðjohnsen
27%
2000-2004 136 Holandia Napastnik Jimmy Floyd Hasselbaink
27%
2009-2012 63 Anglia Napastnik Daniel Sturridge
24%
2015-2020 54 Anglia Środkowy pomocnik Ruben Loftus-Cheek
23%
2000-2008 142 Włochy Bramkarz Carlo Cudicini
22%
2003-2006 81 Irlandia Prawy skrzydłowy Damien Duff
22%
2003-2008 87 Anglia Lewy obrońca Wayne Bridge
19%
2001-2004 55 Francja Defensywny pomocnik Emmanuel Petit
15%
1992-2001 261 Anglia Ofensywny pomocnik Dennis Wise
14%
2003-2007 72 Kamerun Prawy obrońca Geremi
14%
1996-1999 58 Włochy Napastnik Gianluca Vialli
14%
2005-2008 82 Anglia Prawy skrzydłowy Shaun Wright-Phillips
14%
1997-2000 112 Norwegia Napastnik Tore André Flo
14%
1996-2000 119 Włochy Środkowy pomocnik Roberto Di Matteo
13%
1995-2000 150 Rumunia Prawy obrońca Dan Petrescu
12%
1997-2001 105 Urugwaj Ofensywny pomocnik Gustavo Poyet
11%
1997-2002 123 Holandia Bramkarz Ed de Goey
10%
2007-2010 54 Brazylia Prawy obrońca Juliano Belletti
9%
2001-2004 88 Dania Prawy skrzydłowy Jesper Grønkjær
8%
1997-2004 132 Nigeria Lewy obrońca Celestine Babayaro
5%
1996-2001 144 Francja Środkowy obrońca Frank Leboeuf
5%
1992-1993, 1997-2003 154 Anglia Lewy obrońca Graeme Le Saux
5%
1998-2002 76 Hiszpania Prawy obrońca Albert Ferrer
4%
2000-2004 130 Holandia Prawy obrońca Mario Melchiot
4%
1995-1998 95 Walia Napastnik Mark Hughes
4%
1992-1998 167 Anglia Prawy obrońca Steve Clarke
4%
1992-1998 79 Anglia Środkowy obrońca David Lee
3%
1992-1997 114 Norwegia Środkowy obrońca Erland Johnsen
3%
1992-1998 157 Anglia Środkowy obrońca Frank Sinclair
3%
1996-2003 124 Anglia Środkowy pomocnik Jody Morris
3%
1992-1996 103 Anglia Napastnik John Spencer
2%
2000-2004 59 Chorwacja Prawy pomocnik Mario Stanić
2%
2000-2002 55 Włochy Środkowy pomocnik Samuele Dalla Bona
2%
1992-1997 104 Szkocja Ofensywny pomocnik Craig Burley
1%
1992-1999 164 Anglia Defensywny pomocnik Eddie Newton
1%
1992-1995 55 Anglia Środkowy obrońca Gareth Hall
1%
1993-1996 103 Anglia Ofensywny pomocnik Gavin Peacock
1%
1993-1995 52 Dania Środkowy obrońca Jakob Kjeldbjerg
1%
1992-1999 61 Anglia Bramkarz Kevin Hitchcock
1%
1993-1995 50 Anglia Napastnik Mark Stein
1%
1994-1999 86 Anglia Środkowy obrońca Michael Duberry
1%
1992-1996 67 Anglia Środkowy pomocnik Nigel Spackman
1%
1994-1996 64 Anglia Napastnik Paul Furlong
1%
1992-1999 70 Anglia Lewy obrońca Andy Myers
0%
1993-1999 118 Rosja Bramkarz Dmitrij Charin
0%
1992-1994 68 Irlandia Północna Lewy obrońca Mal Donaghy
0%
1994-1997 54 Anglia Lewy obrońca Scott Minto
0%
Nie znaleziono quizów pasujących do podanych kryteriów
Rozkład punktacji
Procent ludzi z każdym wynikiem
Percentyl według liczby udzielonych odpowiedzi
Twoja historia wyników
Nie rozwiązałeś tego quizu